Catálogo

Religion and science : (Registro nro. 61679)

Detalles MARC
000 -LEADER
fixed length control field 00860cam a2200265 i 4500
001 - CONTROL NUMBER
control field 61679
003 - CONTROL NUMBER IDENTIFIER
control field Mx-PuUPA
005 - DATE AND TIME OF LATEST TRANSACTION
control field 20240909110027.0
008 - FIXED-LENGTH DATA ELEMENTS--GENERAL INFORMATION
fixed length control field 141107s1997 nyu fr 000 0 eng|d
020 ## - INTERNATIONAL STANDARD BOOK NUMBER
International Standard Book Number 0060609389
Qualifying information rústica
040 ## - CATALOGING SOURCE
Original cataloging agency Mx-PuUPA
Language of cataloging spa
Transcribing agency Mx-PuUPA
Modifying agency Mx-PuUPA
Description conventions rda
041 0# - LANGUAGE CODE
Language code of text/sound track or separate title eng
100 1# - MAIN ENTRY--PERSONAL NAME
Personal name Barbour, Ian G.,
Relator term autor
245 10 - TITLE STATEMENT
Title Religion and science :
Remainder of title historical and contemporary issues /
Statement of responsibility, etc. Ian G. Barbour
250 ## - EDITION STATEMENT
Edition statement 1st. edition /
Remainder of edition statement a revised and expanded
264 #1 - PRODUCTION, PUBLICATION, DISTRIBUTION, MANUFACTURE, AND COPYRIGHT NOTICE
Place of production, publication, distribution, manufacture New York, NY :
Name of producer, publisher, distributor, manufacturer HarperSanFrancisco,
Date of production, publication, distribution, manufacture, or copyright notice ©1997
300 ## - PHYSICAL DESCRIPTION
Extent xv, 368 páginas ;
Dimensions 24 cm
336 ## - CONTENT TYPE
Content type term texto
Fuente rdacontent
Content type code txt
337 ## - MEDIA TYPE
Media type term sin medio
Source rdamedia
Media type code n
338 ## - CARRIER TYPE
Carrier type term volumen
Source rdacarrier
Carrier type code nc
650 #7 - SUBJECT ADDED ENTRY--TOPICAL TERM
Source of heading or term armarc
Topical term or geographic name entry element Religión y ciencia
942 ## - ADDED ENTRY ELEMENTS (KOHA)
Source of classification or shelving scheme Dewey Decimal Classification
Koha item type Libro
Classification part 291.175
Item part B223
Existencias
Withdrawn status Lost status Source of classification or shelving scheme Damaged status Not for loan Collection code Home library Current library Shelving location Date acquired Source of acquisition Total Checkouts Full call number Barcode Price effective from Koha item type Date last seen Copy number
    Dewey Decimal Classification     General Centro de Estudios en Ciencia y Religión Centro de Estudios en Ciencia y Religión Sala general 07/11/2014 Compra   291.175 B223 1997 93191 20/11/2015 Libro    
    Dewey Decimal Classification     General Centro de Estudios en Ciencia y Religión Centro de Estudios en Ciencia y Religión Sala general 09/03/2015 Compra   291.175 BAR 1997 86213 20/11/2015 Libro 05/01/2026  
    Dewey Decimal Classification     General Centro de Estudios en Ciencia y Religión Centro de Estudios en Ciencia y Religión Sala general 03/12/2013 Compra   291.175 B223 1997 48760 03/12/2013 Libro 05/01/2026 Ej.2